• 首页
  • 本馆介绍
  • 公告通知
  • 最新文献
  • 馆藏检索
  • 电子资源
  • 读者导购
  • 参考咨询
  • 我的图书馆
  • 登录
  • 详细信息显示
  • 放入我的书架
  • 预约/预借图书
  • 作者相关作品
  • 分类相关作品
  • 丛书相关作品
  • 出版社相关作品

书目信息

  • 表格格式
  • 工作单格式
  • 卡片格式
题名:
论汉译英的几个问题
    
 
作者: 程镇球 编
分册:  
出版信息: 北京   外语教学与研究出版社  1981
页数: 91页
开本: 19cm
丛书名:
单 册:
中图分类: H315.9 , H315.09
科图分类:
主题词: 英语-翻译 , 翻译-英语 , 英语
电子资源:
ISBN:
000 00726nam0 2200277 45
001 0181005754
005 20040509170657.2
010    @dCNY0.30
091    @a9215.31
100    @a19950524d1981 em y0chiy0121 ea
101 0  @achi
102    @aCN@b110000
105    @ay z 000yy
106    @ar
200 10 @a论汉译英的几个问题@Alun han yi ying de ji ge wen ti@f程镇球编
210    @a北京@c外语教学与研究出版社@d1981
215    @a91页@d19cm
606    @a英语-翻译
606    @a翻译-英语
606 0  @a英语
690    @aH315.9@v3
690    @aH315.09
701  0 @a程镇球@Acheng zhen qiu@4编
801  0 @aCN@b上海图书馆@c20040509
801  2 @aCN@bNLC@c20040509
905    @f3@b59294-296@dH315.09@e202@b59505-509@f5
    
    论汉译英的几个问题/程镇球编.-北京:外语教学与研究出版社,1981
    91页;19cm
    
    
    ISBN :CNY0.30
    
●
相关链接 在E读中查询图书 在五车中查询图书 在当当中查询图书 在豆瓣中查询图书


正题名:论汉译英的几个问题     索取号:H315.09/202         预约/预借

序号 登录号 条形码 馆藏地/架位号 状态 备注
1 0059294   000871168   第四借阅区/ [索取号:H315.09/202] 在馆    
2 0059295   000871122   第四借阅区/ [索取号:H315.09/202] 在馆    
3 0059296   000871104   第四借阅区/ [索取号:H315.09/202] 在馆    
4 0059505   000871113   第四借阅区/ [索取号:H315.09/202] 在馆    
5 0059506   000871131   第四借阅区/ [索取号:H315.09/202] 在馆    
6 0059507   000871140   第四借阅区/ [索取号:H315.09/202] 在馆    
7 0059508   000871097   密集书库/ [索取号:H315.09/202] 在馆    
8 0059509   000871159   第四借阅区/ [索取号:H315.09/202] 在馆    
唐山师范学院图书馆 欢迎您!
大连网信软件有限公司© 版权所有